00241nam a2200109Ia 4500008004100000041001200041082001100053100001500064245004000079260000600119650000600125221030s9999 xx 000 0 und d aEnglish a105.23 aS. Sheldon 4aThe Stars Shine Downcby S. Sheldon c0 aB